[Event "France Jeunes Belfort 2017"]
[Site "Belfort"]
[Date "2017.04.16"]
[Round "1.3"]
[White "Laurent-Paoli, Pierre"]
[Black "Charrier, A."]
[Result "1-0"]
[WhiteElo "2298"]
[BlackElo "1752"]
[PlyCount "37"]
[EventDate "2017.??.??"]
[TimeControl "6000+745"]
[WhiteClock "0:55:31"]
[BlackClock "0:47:05"]

1. d4 Nf6 2. c4 g6 3. Nc3 Bg7 4. e4 d6 5. f4 O-O 6. Nf3 Nbd7 7. Bd3 c5 8. d5 e6
9. dxe6 fxe6 10. O-O Nb6 11. Qe2 Kh8 12. e5 dxe5 13. fxe5 Ng4 14. Bg5 Qd7 15.
Rad1 Nxe5 16. Nxe5 Qd4+ 17. Kh1 Rxf1+ 18. Rxf1 Qxe5 19. Rf8+ 1-0

[Event "France Jeunes Belfort 2017"]
[Site "Belfort"]
[Date "2017.04.16"]
[Round "1.3"]
[White "Marcellier, Lucie"]
[Black "Trouve, Farah"]
[Result "1-0"]
[WhiteElo "1557"]
[BlackElo "1165"]
[PlyCount "81"]
[EventDate "2017.??.??"]
[WhiteTeam "Ste Foy Echecs"]
[BlackTeam "Club d'Echecs de Sautron"]

1. d4 Nf6 2. Nf3 e6 3. Bf4 b6 4. e3 Be7 5. h3 O-O 6. Bd3 Ba6 7. O-O h6 8. c4 d5
9. Nbd2 Nbd7 10. Rc1 Rb8 11. Qa4 Qc8 12. b4 dxc4 13. b5 Bxb5 14. Qxb5 cxd3 15.
Rxc7 Qd8 16. Qxd3 Nd5 17. Rxd7 Qxd7 18. Bxb8 Rxb8 19. Ne5 Qd6 20. Rc1 Bf6 21.
Ne4 Qe7 22. Nc6 Qe8 23. Nxb8 Qxb8 24. Qa6 Nc7 25. Nxf6+ gxf6 26. Qc4 Ne8 27.
Qc8 Qxc8 28. Rxc8 Kf8 29. Ra8 a5 30. Rb8 Ke7 31. Rxb6 Nd6 32. Rb8 Nc4 33. Rh8
Na3 34. Rxh6 Nb1 35. Rh8 Nc3 36. Ra8 a4 37. a3 Kd7 38. h4 Kc7 39. h5 Kb7 40.
Rxa4 Nxa4 41. h6 1-0

[Event "France Jeunes Belfort 2017"]
[Site "Belfort"]
[Date "2017.04.16"]
[Round "1.3"]
[White "Meunier-Pion, J."]
[Black "Niepceron, A."]
[Result "0-1"]
[WhiteElo "2226"]
[BlackElo "1803"]
[PlyCount "120"]
[EventDate "2017.??.??"]
[TimeControl "6000+1435"]
[WhiteClock "0:03:16"]
[BlackClock "0:06:23"]

1. e4 c5 2. Nf3 d6 3. d4 cxd4 4. Nxd4 Nf6 5. Nc3 a6 6. h3 e6 7. g4 Be7 8. Bg2
Qc7 9. Be3 Nc6 10. Qd2 Rb8 11. f4 Na5 12. b3 b5 13. a3 Bb7 14. g5 Nd7 15. O-O
Rc8 16. Nde2 Nc6 17. Rad1 O-O 18. h4 Qa5 19. f5 Qxa3 20. f6 gxf6 21. gxf6 Bxf6
22. Rxf6 Nxf6 23. Bd4 Nxd4 24. Qg5+ Kh8 25. Qxf6+ Kg8 26. Rxd4 Qc5 27. e5 dxe5
28. b4 Qb6 29. Bxb7 Rxc3 30. Qg5+ Kh8 31. Qf6+ Kg8 32. Qxe5 f6 33. Qe4 Rc7 34.
Qe3 Qxb7 35. Qxe6+ Kh8 36. Kf2 Rg7 37. Nf4 Qc7 38. Qf5 Qe5 39. Qd3 Rg4 40. Kf3
Rfg8 41. Ne2 Rg3+ 42. Nxg3 Rxg3+ 43. Kf2 Rxd3 44. Rxd3 Qf4+ 45. Ke2 Qxh4 46. c3
h5 47. Rd8+ Kg7 48. Rd7+ Kg6 49. Ra7 Qh2+ 50. Kd3 Qg3+ 51. Ke4 Qg4+ 52. Kd5 Qc8
53. Ke4 h4 54. c4 bxc4 55. b5 c3 56. b6 c2 57. b7 Qb8 58. Ra8 Qxb7+ 59. Kf4
c1=Q+ 60. Kg4 Qg5+ 0-1

[Event "France Jeunes Belfort 2017"]
[Site "Belfort"]
[Date "2017.04.16"]
[Round "1.3"]
[White "Papadiamandis, Elliot"]
[Black "Lemoine, Victor"]
[Result "1-0"]
[WhiteElo "1944"]
[BlackElo "1470"]
[PlyCount "71"]
[EventDate "2017.??.??"]
[WhiteTeam "Clichy-Echecs-92"]
[BlackTeam "Echiquier Nord Haut-Marnais"]

1. e4 Nc6 2. d4 d5 3. e5 Bf5 4. Nf3 Qd7 5. a3 O-O-O 6. Be2 e6 7. b4 f6 8. b5
Nce7 9. a4 c6 10. Nc3 Kb8 11. Ba3 Nc8 12. O-O h5 13. Qb1 Nb6 14. Qb3 Rc8 15.
Bxf8 Rxf8 16. Ra2 Nc8 17. Rb1 Rf7 18. Rab2 Nh6 19. bxc6 Qxc6 20. Bb5 Qb6 21.
Qa3 a5 22. Be8 Qxb2 23. Rxb2 Rxe8 24. Qc5 b6 25. Qxa5 Rb7 26. Qb5 Ree7 27. Na2
Nf7 28. Nb4 Na7 29. Nc6+ Nxc6 30. Qxc6 Rec7 31. Qe8+ Rc8 32. Qb5 Bxc2 33. h3
fxe5 34. dxe5 Be4 35. a5 d4 36. a6 1-0

[Event "France Jeunes Belfort 2017"]
[Site "Belfort"]
[Date "2017.04.16"]
[Round "1.3"]
[White "Viennot, Dylan"]
[Black "Grunfelder, A."]
[Result "1-0"]
[WhiteElo "2264"]
[BlackElo "1899"]
[PlyCount "71"]
[EventDate "2017.??.??"]
[TimeControl "6000+1240"]
[WhiteClock "0:15:38"]
[BlackClock "0:10:59"]

1. d4 d5 2. Nf3 Nf6 3. g3 e6 4. Bg2 c5 5. O-O Nc6 6. b3 Be7 7. Bb2 O-O 8. Nbd2
b6 9. c4 Bb7 10. dxc5 Bxc5 11. Rc1 dxc4 12. Nxc4 Qe7 13. a3 Rfd8 14. Qc2 Nd4
15. Bxd4 Bxd4 16. e3 Bc5 17. b4 Bd6 18. Nd4 Bxg2 19. Kxg2 Rac8 20. Qe2 Qb7+ 21.
Qf3 Qxf3+ 22. Kxf3 h6 23. Rfd1 Bb8 24. b5 Kf8 25. Nc6 Rxd1 26. Rxd1 Nd5 27. a4
a6 28. Rxd5 exd5 29. Nxb6 Rc7 30. Nxd5 Rc8 31. Nb6 Rc7 32. Nxb8 axb5 33. axb5
Ke8 34. Nd5 Rb7 35. Na6 Kd8 36. b6 1-0

[Event "France Jeunes Belfort 2017"]
[Site "Belfort"]
[Date "2017.04.16"]
[Round "1.4"]
[White "Adak, Alexis"]
[Black "Mohammad, Fahim"]
[Result "1-0"]
[WhiteElo "1742"]
[BlackElo "2281"]
[PlyCount "85"]
[EventDate "2017.??.??"]
[TimeControl "6000+1295"]
[WhiteClock "0:01:30"]
[BlackClock "0:02:30"]

1. d4 Nf6 2. Nf3 g6 3. Bf4 Bg7 4. Nc3 d5 5. e3 O-O 6. Be2 c5 7. Ne5 Nc6 8. h4
cxd4 9. exd4 Qb6 10. Nxc6 bxc6 11. Na4 Qa5+ 12. c3 Nd7 13. b4 Qd8 14. Qd2 e5
15. dxe5 Nxe5 16. Bh6 Bxh6 17. Qxh6 Bf5 18. h5 Nd3+ 19. Bxd3 Bxd3 20. Kd2 Bf5
21. g4 Be4 22. f3 g5 23. fxe4 dxe4+ 24. Kc2 Qd3+ 25. Kb3 Qd5+ 26. c4 Qe5 27.
Rad1 Rad8 28. Qxc6 a5 29. Qc5 Qg3+ 30. Nc3 a4+ 31. Kb2 h6 32. Nd5 a3+ 33. Kc2
Qg2+ 34. Kb3 Qb2+ 35. Ka4 Ra8+ 36. Kb5 Rfb8+ 37. Nb6 Qc2 38. Qc6 Ra7 39. Rd7
Ra4 40. Qxh6 Qf2 41. Qxg5+ Kh8 42. Qe5+ Kh7 43. Qxb8 1-0

[Event "France Jeunes Belfort 2017"]
[Site "Belfort"]
[Date "2017.04.16"]
[Round "1.4"]
[White "Boutherand, Alexia"]
[Black "Sabiani, Chjara"]
[Result "0-1"]
[WhiteElo "1262"]
[BlackElo "1781"]
[PlyCount "68"]
[EventDate "2017.??.??"]
[TimeControl "6000+1075"]
[WhiteClock "0:34:34"]
[BlackClock "0:13:27"]

1. e4 e5 2. Nf3 Nc6 3. Bb5 a6 4. Bxc6 dxc6 5. Nc3 Bd6 6. d4 Qe7 7. Qd3 Bd7 8.
Be3 O-O-O 9. O-O-O Nf6 10. h3 Rhe8 11. Rhe1 Kb8 12. a3 Bc8 13. Nd2 Rd7 14. Nb3
Red8 15. d5 cxd5 16. Nxd5 Nxd5 17. Qxd5 Bb4 18. Bc5 Rxd5 19. Bxe7 Rxd1+ 20.
Rxd1 Rxd1+ 21. Kxd1 Bxe7 22. Kd2 Be6 23. Kc3 Bxb3 24. Kxb3 Kc8 25. Kc4 c6 26.
f3 Kd7 27. a4 Ke6 28. g4 Kf6 29. h4 Kg6 30. h5+ Kg5 31. Kd3 g6 32. hxg6 fxg6
33. Ke2 Kf4 34. Kf2 h5 0-1

[Event "France Jeunes Belfort 2017"]
[Site "Belfort"]
[Date "2017.04.16"]
[Round "1.4"]
[White "Caloon, J."]
[Black "Viel, Simon"]
[Result "0-1"]
[WhiteElo "1805"]
[BlackElo "2220"]
[PlyCount "86"]
[EventDate "2017.??.??"]

1. e4 e6 2. d4 d5 3. exd5 exd5 4. Bd3 c5 5. c3 c4 6. Bc2 Bd6 7. Nf3 Ne7 8. O-O
O-O 9. Bg5 Qb6 10. b3 cxb3 11. Bxb3 Nbc6 12. Re1 Be6 13. Nbd2 Qc7 14. h3 Na5
15. Qc1 Rac8 16. Re3 Nf5 17. Rd3 h6 18. Bh4 Nc4 19. Qc2 Nxh4 20. Nxh4 Be7 21.
Ndf3 Qd8 22. g3 Bxh3 23. Kh2 Bd7 24. Rdd1 Bf6 25. Rab1 Na3 26. Qd3 Bb5 27. Qf5
Be2 28. Bxd5 Bxf3 29. Bxf3 Bxh4 30. Rxb7 Qf6 31. Qg4 Rxc3 32. gxh4 Rxf3 33.
Rxa7 Nb5 34. Ra5 Rxf2+ 35. Kg3 Nc3 36. Re1 Qg6 37. Qxg6 fxg6 38. Re3 Ne4+ 39.
Kh3 h5 40. Raa3 Nd2 41. Red3 Nf1 42. Rdc3 R8f3+ 43. Rxf3 Rh2# 0-1

[Event "France Jeunes Belfort 2017"]
[Site "Belfort"]
[Date "2017.04.16"]
[Round "1.4"]
[White "Madi, Alicia"]
[Black "Croisille, Shanti"]
[Result "1-0"]
[WhiteElo "1161"]
[BlackElo "1539"]
[PlyCount "69"]
[EventDate "2017.??.??"]
[WhiteTeam "Cannes Echecs"]
[BlackTeam "Club d'Echecs du Vesinet"]

1. d4 Nf6 2. Nf3 g6 3. Nc3 Bg7 4. e3 O-O 5. Bd3 d6 6. O-O b6 7. Qe2 Bb7 8. e4
Nfd7 9. b3 Nc6 10. Be3 e5 11. d5 Ne7 12. Qd2 f5 13. Bh6 c6 14. Bxg7 Kxg7 15.
Ng5 Rf6 16. Ne6+ Rxe6 17. dxe6 Nc5 18. exf5 Nxd3 19. Qxd3 Nxf5 20. g4 Qg5 21.
h3 Rd8 22. Ne4 Qe7 23. gxf5 gxf5 24. Qg3+ Kf8 25. Nc3 Qxe6 26. Rfe1 b5 27. f4
Re8 28. Rad1 b4 29. Na4 c5 30. fxe5 dxe5 31. Nxc5 Qb6 32. Rxe5 Rc8 33. Rxf5+
Ke7 34. Qg7+ Ke8 35. Rf8# 1-0

[Event "France Jeunes Belfort 2017"]
[Site "Belfort"]
[Date "2017.04.16"]
[Round "1.4"]
[White "Retailleau, Elise"]
[Black "Milroy, Melena"]
[Result "1-0"]
[WhiteElo "1946"]
[BlackElo "1610"]
[PlyCount "63"]
[EventDate "2017.??.??"]
[TimeControl "6000+1310"]
[WhiteClock "0:00:48"]
[BlackClock "0:00:37"]

1. e4 d5 2. exd5 Nf6 3. d4 Nxd5 4. c4 Nb4 5. a3 N4a6 6. Be3 Bf5 7. Nc3 e6 8.
Nf3 Be7 9. b4 c6 10. Be2 Nd7 11. O-O Nb6 12. Qb3 Nc7 13. Rfd1 Bf6 14. Rac1 O-O
15. Nd2 Bg5 16. Bxg5 Qxg5 17. Nde4 Qg6 18. Nc5 Rab8 19. Bf3 Rfd8 20. b5 Bg4 21.
Be4 f5 22. Bb1 Bxd1 23. Rxd1 cxb5 24. Nxb5 Nxb5 25. Qxb5 Qe8 26. Qb3 Qc6 27.
Re1 Rxd4 28. Nxe6 Rg4 29. f3 Qxc4 30. Qb2 Rg6 31. Ba2 Qa4 32. Nc5+ 1-0

[Event "France Jeunes Belfort 2017"]
[Site "Belfort"]
[Date "2017.04.16"]
[Round "1.4"]
[White "Sarafian, Thomas"]
[Black "Micottis, Dorian"]
[Result "1/2-1/2"]
[WhiteElo "1892"]
[BlackElo "2249"]
[PlyCount "89"]
[EventDate "2017.??.??"]
[TimeControl "6000+960"]
[WhiteClock "0:04:16"]
[BlackClock "0:01:09"]

1. e4 c5 2. Nf3 e6 3. d4 cxd4 4. Nxd4 a6 5. Nc3 Qc7 6. Be2 b5 7. a3 Bb7 8. O-O
Nf6 9. Bf3 d6 10. Bg5 Nbd7 11. g3 Be7 12. Bg2 O-O 13. f4 h6 14. Bh4 Rfe8 15.
Kh1 Nb6 16. Qe2 Nc4 17. Nd1 Rac8 18. c3 Nb6 19. Nf2 Qc4 20. Qd2 Nbd7 21. Rae1
Qc7 22. Nd3 Nc5 23. Nf2 Qb8 24. e5 Bxg2+ 25. Kxg2 Qa8+ 26. Kg1 Nfe4 27. Nxe4
Nxe4 28. Qe3 Bxh4 29. gxh4 d5 30. f5 exf5 31. Rxf5 Rc7 32. Kh1 Rce7 33. Rg1 Kh7
34. Qf4 Qb7 35. Rh5 Re6 36. Rf5 R8e7 37. Nxe6 fxe6 38. Rf8 d4 39. Qf3 dxc3 40.
bxc3 Rc7 41. Qg2 Nxc3 42. Qxb7 Rxb7 43. Ra8 Ne2 44. Re1 Nd4 45. Rxa6 1/2-1/2

[Event "France Jeunes Belfort 2017"]
[Site "Belfort"]
[Date "2017.04.16"]
[Round "1.4"]
[White "Tomasi, Albert"]
[Black "Gachenot, Alexandre"]
[Result "1-0"]
[WhiteElo "2147"]
[BlackElo "1724"]
[PlyCount "59"]
[EventDate "2017.??.??"]
[TimeControl "6000+835"]
[WhiteClock "0:15:14"]
[BlackClock "0:41:16"]

1. e4 e5 2. Nf3 Nc6 3. Bb5 Bc5 4. c3 a6 5. Ba4 b5 6. Bb3 Nf6 7. O-O O-O 8. d4
exd4 9. cxd4 Bb4 10. e5 Ne8 11. d5 Na5 12. Bc2 Nc4 13. b3 Nb6 14. Bxh7+ Kh8 15.
Ng5 g6 16. Qd4 Ng7 17. Qxb4 Nf5 18. Nc3 Kg7 19. Qg4 Qe7 20. d6 Qe8 21. Bb2 Rh8
22. Nce4 Kf8 23. e6 dxe6 24. Bxh8 e5 25. Bxg6 fxg6 26. Nh7+ Kf7 27. Neg5+ Kg8
28. Nf6+ Kxh8 29. Qh3+ Kg7 30. Nxe8+ 1-0

[Event "France Jeunes Belfort 2017"]
[Site "Belfort"]
[Date "2017.04.16"]
[Round "1.4"]
[White "Tsulaia, Salome"]
[Black "Vigna, Liza"]
[Result "0-1"]
[WhiteElo "1433"]
[BlackElo "1864"]
[PlyCount "148"]
[EventDate "2017.??.??"]
[WhiteTeam "C.E. Strasbourg"]
[BlackTeam "Lutèce Echecs"]

1. e4 d5 2. exd5 Qxd5 3. Nc3 Qa5 4. Bc4 Nf6 5. d3 Bg4 6. f3 Bf5 7. Nge2 e5 8.
Ng3 Bg6 9. Nge4 Nxe4 10. fxe4 Bc5 11. Bd2 c6 12. a3 Qd8 13. Qf3 b5 14. Ba2 Qd4
15. Nd1 Nd7 16. Be3 Qd6 17. O-O Nf6 18. Kh1 h6 19. h3 Rd8 20. Qf2 Bd4 21. Bxd4
Qxd4 22. Qxd4 Rxd4 23. Ne3 O-O 24. Nf5 Rd7 25. Nxh6+ Kh7 26. Nf5 Nh5 27. Kh2
Nf4 28. Nh4 Bh5 29. Rf2 Rh8 30. g3 Ng6 31. Ng2 Kg8 32. Ne3 Nf8 33. Raf1 Nh7 34.
Kg2 Nf6 35. Rf5 Re7 36. g4 Bg6 37. R5f2 c5 38. Nd5 Nxd5 39. Bxd5 Kf8 40. Kg3 a6
41. h4 f6 42. g5 Ke8 43. gxf6 gxf6 44. Rxf6 Rg7 45. Kh3 Bh5 46. Bc6+ Ke7 47.
Kh2 Be2 48. Kh3 Bxf1+ 49. Rxf1 Rhg8 50. Rf2 Rh8 51. Bd5 Rgh7 52. Kg2 Rxh4 53.
Bb3 Rh2+ 54. Kf1 Rf8 55. Rxf8 Kxf8 56. Ke1 Ke7 57. Kd1 Kf6 58. Kc1 Kg5 59. Bd5
Kf4 60. b4 cxb4 61. axb4 Ke3 62. Bb7 Rh6 63. Bd5 Kd4 64. Kb2 Rh7 65. Be6 Ra7
66. Kb3 Ra8 67. Bd5 Ra7 68. Bc6 Rc7 69. Bd5 Ke3 70. Kb2 Kd2 71. Bb3 Rc3 72. Kb1
Rxb3+ 73. cxb3 Kxd3 74. Kb2 Kxe4 0-1

[Event "France Jeunes Belfort 2017"]
[Site "Belfort"]
[Date "2017.04.16"]
[Round "1.4"]
[White "Wambst, Arthur"]
[Black "Roux, Baptiste"]
[Result "0-1"]
[WhiteElo "1469"]
[BlackElo "1934"]
[PlyCount "56"]
[EventDate "2017.??.??"]
[WhiteTeam "Cercle d'Echecs d'Evian"]
[BlackTeam "Corsica Chess Club"]

1. d4 Nf6 2. Nf3 g6 3. g3 Bg7 4. Bg2 d6 5. c4 O-O 6. O-O Nc6 7. Nc3 a6 8. Bg5
h6 9. Bf4 Rb8 10. a4 Nh5 11. Bd2 Nxd4 12. Nxd4 Bxd4 13. Bxh6 Bg7 14. Bxg7 Kxg7
15. e3 Rh8 16. g4 Nf6 17. g5 Ng4 18. h3 Ne5 19. f4 Nc6 20. Nd5 Bxh3 21. Bxh3
Rxh3 22. Qg4 Qh8 23. Kg2 Rh2+ 24. Kg3 Qh5 25. f5 Rg2+ 26. Kxg2 Qxg4+ 27. Kf2
Qxf5+ 28. Ke2 Qc2+ 0-1

[Event "France Jeunes Belfort 2017"]
[Site "Belfort"]
[Date "2017.04.16"]
[Round "1.5"]
[White "Tahay, Alexis"]
[Black "Noblecourt, N."]
[Result "1-0"]
[WhiteElo "2239"]
[BlackElo "1868"]
[PlyCount "87"]
[EventDate "2017.??.??"]
[TimeControl "6000+1015"]
[WhiteClock "0:35:51"]
[BlackClock "0:10:53"]

1. e4 g6 2. d4 Bg7 3. Be2 c6 4. Be3 d5 5. e5 b6 6. Qd2 h5 7. Nf3 Nh6 8. O-O Nf5
9. Bf4 Ba6 10. Nc3 e6 11. Bxa6 Nxa6 12. Ne2 c5 13. c3 c4 14. Ng3 Nxg3 15. fxg3
O-O 16. Bg5 Qd7 17. Qf4 Nc7 18. g4 hxg4 19. Qxg4 Ne8 20. Qh4 f6 21. exf6 Bxf6
22. Rae1 Qe7 23. Ne5 Bxg5 24. Rxf8+ Qxf8 25. Qxg5 Qf6 26. Qg3 Ng7 27. Nxg6 Kh7
28. Ne5 Nf5 29. Ng4 Qg6 30. Qc7+ Qg7 31. Qxg7+ Nxg7 32. Rf1 Nf5 33. Rf3 Kg7 34.
Ne5 b5 35. g4 Nh6 36. h4 a5 37. h5 b4 38. g5 Nf5 39. Rh3 Rb8 40. h6+ Nxh6 41.
gxh6+ Kh7 42. Nf7 Rb7 43. Ng5+ Kg6 44. h7 1-0

[Event "France Jeunes Belfort 2017"]
[Site "Belfort"]
[Date "2017.04.16"]
[Round "1.6"]
[White "Budak, R."]
[Black "Dudognon, Thibault"]
[Result "0-1"]
[WhiteElo "1835"]
[BlackElo "2218"]
[PlyCount "168"]
[EventDate "2017.??.??"]
[TimeControl "6000+25265"]
[WhiteClock "0:01:00"]
[BlackClock "0:02:44"]

1. e4 c6 2. Ne2 d5 3. e5 d4 4. b4 f6 5. Nf4 g6 6. Bd3 fxe5 7. Bxg6+ hxg6 8.
Nxg6 Rh6 9. Nxe5 Qd5 10. Nf3 Bg4 11. d3 Bxf3 12. gxf3 Rxh2 13. Rg1 Qe6+ 14. Qe2
Qxe2+ 15. Kxe2 Nf6 16. Bb2 Rh4 17. Nd2 e5 18. Nc4 Nbd7 19. a3 O-O-O 20. Rae1 b5
21. Na5 Kc7 22. Bc1 Bh6 23. Rh1 Rxh1 24. Rxh1 Bxc1 25. Rxc1 Nd5 26. Rh1 Rg8 27.
Nb3 Rg7 28. Kf1 Rf7 29. Nd2 N7f6 30. Ke1 Kd7 31. Rg1 Ke6 32. Nb3 Nc3 33. f4
exf4 34. Nxd4+ Kd5 35. Nf3 Kd6 36. Kd2 Na4 37. Rg6 Rf8 38. Ng5 Kd5 39. Nf3 Nb6
40. Rg5+ Kd6 41. Nd4 Nbd7 42. Nf5+ Kc7 43. Nd4 Kb7 44. Ne6 Rg8 45. Rf5 Rg1 46.
Kc3 Rf1 47. Kb3 Rxf2 48. Rxf4 Re2 49. Nd4 Re5 50. Rf5 Re1 51. Kb2 Kc7 52. Rg5
Kd6 53. Nf5+ Kc7 54. Nd4 Ne8 55. Rg2 Nb6 56. Rg6 Na4+ 57. Ka2 Nd6 58. Rg7+ Kb6
59. Rg6 Kc7 60. Rg7+ Kb6 61. Rg6 Nc3+ 62. Kb3 Na4 63. Ka2 Ne8 64. Rxc6+ Kb7 65.
Rh6 Nc7 66. Rh7 a6 67. Rg7 Kc8 68. Rg5 Nd5 69. c4 Ndc3+ 70. Kb3 Rb1+ 71. Kc2
Rb2+ 72. Kc1 bxc4 73. dxc4 Rf2 74. Rf5 Rh2 75. c5 Nb2 76. Rf3 Na2+ 77. Kb1 Na4
78. Nc2 N2c3+ 79. Kc1 Na2+ 80. Kb1 N2c3+ 81. Kc1 Ne4 82. Ne3 Nd2 83. Rf4 Nb3+
84. Kd1 Nb2+ 0-1

[Event "France Jeunes Belfort 2017"]
[Site "Belfort"]
[Date "2017.04.16"]
[Round "2.1"]
[White "Bassal, Samuel"]
[Black "Burri, Quentin"]
[Result "0-1"]
[WhiteElo "1924"]
[BlackElo "2372"]
[PlyCount "68"]
[EventDate "2017.??.??"]
[TimeControl "6000+1205"]
[WhiteClock "0:04:02"]
[BlackClock "0:14:05"]

1. d4 d5 2. Nf3 Nf6 3. e3 Bg4 4. Be2 e6 5. Nbd2 Nbd7 6. O-O Bd6 7. b3 O-O 8.
Bb2 c6 9. h3 Bxf3 10. Bxf3 Qe7 11. Re1 Ba3 12. Bxa3 Qxa3 13. e4 Qb4 14. e5 Ne8
15. c4 Rd8 16. Rc1 Qb6 17. cxd5 cxd5 18. Nb1 Nb8 19. Qd2 Nc6 20. Rc5 Nc7 21.
Nc3 Na6 22. Na4 Qc7 23. Rc2 Qe7 24. Nc5 Nxc5 25. Rxc5 f6 26. exf6 Qxf6 27. Rd1
Rf7 28. b4 Qg6 29. Kh1 Rdf8 30. b5 Ne7 31. Qe2 Rf6 32. Rc7 Nf5 33. Rxb7 Nh4 34.
Re7 Rxf3 0-1

[Event "France Jeunes Belfort 2017"]
[Site "Belfort"]
[Date "2017.04.16"]
[Round "2.1"]
[White "Hebert, Floriane"]
[Black "Lomandong, Noela-Joyce"]
[Result "0-1"]
[WhiteElo "1589"]
[BlackElo "1987"]
[PlyCount "68"]
[EventDate "2017.??.??"]
[TimeControl "6000+735"]
[WhiteClock "0:00:56"]
[BlackClock "0:05:13"]

1. e4 c6 2. Nc3 g6 3. Bc4 Bg7 4. d3 d6 5. a3 Nf6 6. Nf3 O-O 7. O-O d5 8. exd5
cxd5 9. Bb3 Nc6 10. h3 Bf5 11. Re1 Rc8 12. Bd2 Re8 13. Rb1 a6 14. Ne2 e5 15.
Ng3 e4 16. Nxf5 gxf5 17. Nh2 Nd4 18. Bc3 Nxb3 19. Bxf6 Qxf6 20. cxb3 d4 21. Nf1
e3 22. fxe3 dxe3 23. Ng3 Qh4 24. Qf3 f4 25. Nf5 Qf6 26. Nxg7 Kxg7 27. Qxb7 Rc2
28. Qd7 Rd8 29. Qg4+ Qg6 30. Qxg6+ hxg6 31. Kf1 Rf2+ 32. Kg1 Rxd3 33. Rf1 Rc2
34. Rfe1 Rdd2 0-1

[Event "France Jeunes Belfort 2017"]
[Site "Belfort"]
[Date "2017.04.16"]
[Round "2.1"]
[White "Herreman-Boutot, Louise"]
[Black "Djidjeli, Sarah"]
[Result "0-1"]
[WhiteElo "1472"]
[BlackElo "1934"]
[PlyCount "52"]
[EventDate "2017.??.??"]
[TimeControl "4200+1075"]
[WhiteClock "0:27:17"]
[BlackClock "0:47:34"]

1. e4 c5 2. c3 d5 3. exd5 Qxd5 4. d4 Nc6 5. Nf3 Bf5 6. Bd3 Bxd3 7. Qxd3 O-O-O
8. Be3 c4 9. Qc2 Nf6 10. Nbd2 Nd7 11. b4 e5 12. Qe4 Qxe4 13. Nxe4 exd4 14. Nxd4
Nxd4 15. Bxd4 Re8 16. f3 f5 17. O-O fxe4 18. Rae1 e3 19. Bxe3 Bd6 20. f4 Rhf8
21. g3 Bc7 22. Kg2 Bb6 23. Rf3 Nf6 24. Bc5 Bxc5 25. Rxe8+ Rxe8 26. bxc5 Re2+
0-1

[Event "France Jeunes Belfort 2017"]
[Site "Belfort"]
[Date "2017.04.16"]
[Round "2.1"]
[White "Joly, Audrey"]
[Black "Aubert, Laurane"]
[Result "1-0"]
[WhiteElo "1747"]
[BlackElo "1998"]
[PlyCount "97"]
[EventDate "2017.??.??"]
[TimeControl "6000+705"]
[WhiteClock "0:09:21"]
[BlackClock "0:02:11"]

1. e4 c5 2. Nc3 Nc6 3. Bb5 Nd4 4. Bc4 e6 5. f4 a6 6. a4 Ne7 7. e5 d5 8. exd6
Nef5 9. Nf3 Bxd6 10. d3 Qc7 11. Nxd4 cxd4 12. Ne2 Qc6 13. O-O Rb8 14. Qe1 b5
15. axb5 axb5 16. Bb3 O-O 17. Ng3 Bb7 18. Rf2 Nh4 19. Qf1 Kh8 20. Ne4 Bc7 21.
Bd2 Nf5 22. Kh1 Ne7 23. Qe1 Nd5 24. Qe2 Rbe8 25. Qf3 Ba8 26. Qh3 Kg8 27. Ng5 h6
28. Ne4 f5 29. Ng3 Ne3 30. Rc1 Ng4 31. Re2 Rf6 32. Nxf5 Rxf5 33. Qxg4 Kh8 34.
Rce1 Rf6 35. Qh4 Bb7 36. f5 Rxf5 37. Bxh6 Kg8 38. Qg4 Rf7 39. Bxe6 Rxe6 40.
Rxe6 Qd5 41. Re8+ Kh7 42. Bd2 Rf5 43. R8e7 Rf7 44. Qh3+ Kg8 45. Re8+ Rf8 46.
Rxf8+ Kxf8 47. Qh8+ Kf7 48. Qe8+ Kf6 49. Rf1+ 1-0

[Event "France Jeunes Belfort 2017"]
[Site "Belfort"]
[Date "2017.04.16"]
[Round "2.1"]
[White "Jrade, Willis"]
[Black "Viennot, Dylan"]
[Result "0-1"]
[WhiteElo "2113"]
[BlackElo "2263"]
[PlyCount "68"]
[EventDate "2017.??.??"]
[TimeControl "6000+1005"]
[WhiteClock "0:00:41"]
[BlackClock "0:41:12"]

1. e4 e6 2. d4 d5 3. exd5 exd5 4. Bd3 Nc6 5. c3 Bd6 6. Qf3 Be6 7. Ne2 Qd7 8. h3
O-O-O 9. Bf4 Be7 10. Ng3 g6 11. Be5 f6 12. Bf4 f5 13. Be5 Nxe5 14. dxe5 d4 15.
c4 Bb4+ 16. Nd2 Ne7 17. O-O-O Qa4 18. Nb3 Qxa2 19. Kc2 Bc3 20. Rb1 Bd7 21. Ne2
Bc6 22. Qg3 Ba4 23. Nec1 Bxb3+ 24. Nxb3 Nc6 25. Nc5 b6 26. Ne6 Rde8 27. Ng7
Rxe5 28. Kc1 Ba5 29. Qf3 Qa4 30. b3 Qb4 31. Rd1 Qc3+ 32. Bc2 Bb4 33. Qxc3 Bxc3
34. g4 Nb4 0-1

[Event "France Jeunes Belfort 2017"]
[Site "Belfort"]
[Date "2017.04.16"]
[Round "2.1"]
[White "Laronche, Thomas"]
[Black "Flick, Antoine"]
[Result "1/2-1/2"]
[WhiteElo "1966"]
[BlackElo "2327"]
[PlyCount "111"]
[EventDate "2017.??.??"]
[TimeControl "6000+1045"]
[WhiteClock "0:05:17"]
[BlackClock "0:04:28"]

1. b4 d5 2. Bb2 Nf6 3. Nf3 e6 4. a3 Be7 5. e3 O-O 6. c4 c6 7. Nc3 Nbd7 8. Be2
b6 9. Qb3 Bb7 10. d3 Bd6 11. h3 Qe7 12. Rc1 Rac8 13. O-O Rfd8 14. d4 dxc4 15.
Bxc4 e5 16. e4 exd4 17. Nxd4 Bf4 18. Nf5 Qf8 19. Rcd1 Ne5 20. Ne2 Nxc4 21. Qxc4
Bb8 22. Nh6+ gxh6 23. Bxf6 b5 24. Qc3 Rxd1 25. Rxd1 c5 26. e5 Be4 27. bxc5 Qe8
28. f4 Bg6 29. Qg3 Qc6 30. f5 Qxc5+ 31. Kh1 Qc2 32. Nc3 Qxf5 33. Nd5 Qc2 34.
Re1 Re8 35. h4 Qc4 36. Nf4 h5 37. Qg5 Qc5 38. Nxh5 Qf8 39. Bg7 Qe7 40. Nf6+
Kxg7 41. Nxe8+ Qxe8 42. h5 Qe6 43. hxg6 hxg6 44. Qf6+ Qxf6 45. exf6+ Kxf6 46.
Rb1 Bd6 47. Rxb5 Bxa3 48. Ra5 Bd6 49. Rxa7 Bg3 50. Ra3 Be5 51. Rf3+ Kg7 52. Kg1
f5 53. Kf1 Kf6 54. g4 Kg5 55. gxf5 gxf5 56. Ke2 1/2-1/2

[Event "France Jeunes Belfort 2017"]
[Site "Belfort"]
[Date "2017.04.16"]
[Round "2.1"]
[White "Strasser, Arevik"]
[Black "Bellahcene, Sofia"]
[Result "0-1"]
[WhiteElo "1253"]
[BlackElo "1699"]
[PlyCount "102"]
[EventDate "2017.??.??"]
[TimeControl "6000+625"]
[WhiteClock "0:22:36"]
[BlackClock "0:53:37"]

1. e4 c5 2. Nf3 Nc6 3. d4 cxd4 4. Nxd4 g6 5. Be2 Bg7 6. Be3 Nf6 7. Nc3 Qa5 8.
O-O O-O 9. f4 d6 10. Bf3 Bd7 11. a3 Qb6 12. Na4 Qd8 13. Nc3 Nxd4 14. Bxd4 Bc6
15. Qd2 Qd7 16. Rad1 Rfd8 17. Qe2 b6 18. e5 dxe5 19. Bxe5 Qb7 20. Bxc6 Qxc6 21.
Qb5 Qb7 22. Rd3 a6 23. Qc4 b5 24. Rxd8+ Rxd8 25. Qc7 Qxc7 26. Bxc7 Rd2 27. Rf2
Rd7 28. Ba5 Nd5 29. Rf3 Bd4+ 30. Kh1 Nxc3 31. Rd3 Ne4 32. Be1 Rd6 33. c3 Nf2+
34. Bxf2 Bxf2 35. Rxd6 exd6 36. b3 d5 37. g3 Be1 38. Kg2 Bxc3 39. Kf2 Bd4+ 40.
Ke2 Kg7 41. h3 Kf6 42. g4 g5 43. Kf3 Bb2 44. a4 bxa4 45. bxa4 Bc1 46. fxg5+
Kxg5 47. Kg3 d4 48. h4+ Kg6 49. Kf3 d3 50. Kf2 d2 51. Ke2 h5 0-1

[Event "France Jeunes Belfort 2017"]
[Site "Belfort"]
[Date "2017.04.16"]
[Round "2.1"]
[White "Vernet, Solene"]
[Black "Saliou, Sarah"]
[Result "1-0"]
[WhiteElo "1863"]
[BlackElo "1684"]
[PlyCount "45"]
[EventDate "2017.??.??"]
[TimeControl "6000+960"]
[WhiteClock "0:24:56"]
[BlackClock "0:02:05"]

1. d4 Nf6 2. c4 b6 3. Nf3 Bb7 4. g3 e6 5. Bg2 Be7 6. O-O O-O 7. Nc3 d6 8. Qc2
Nbd7 9. Rd1 Re8 10. e4 Qc8 11. b3 e5 12. Bb2 Bf8 13. dxe5 dxe5 14. Bh3 Bc6 15.
Nd5 Qb7 16. Nxf6+ Nxf6 17. Nxe5 Bxe4 18. Qc3 a5 19. a3 h6 20. Rd2 Nh7 21. Nxf7
Ng5 22. Nxg5 hxg5 23. Rd7 1-0